📖💬 Paroles "L'Enfant et le Maître d'école" la Fontaine - Statistiques

Statistiques générales
  • Ce quiz a été pris 93 fois
  • Le résultat moyen est 121 sur 211
Statistiques - réponses
Mots % Correct
à
100%
a
100%
Ah
100%
D'
100%
d'
100%
école.
100%
Et
100%
et
100%
Hé,
100%
il,
100%
il
100%
j'
100%
l'
100%
L'
100%
Le
100%
le
100%
Magister
100%
Maître
100%
S'
100%
s'
100%
Seine.
100%
un
100%
Un
100%
ce
94%
je
94%
je,
94%
Je
94%
la
94%
les
94%
petit
94%
sa
94%
se
94%
Se
94%
Au
89%
au
89%
de
89%
De
89%
des
89%
En
89%
en
89%
enfant
89%
ils
89%
mon
89%
sur
89%
Dans
83%
dans
83%
eau
83%
grand ;
83%
ne
83%
on
83%
83%
qu'
83%
Qu'
83%
Que
83%
que
83%
dit-
78%
dit,
78%
Par
78%
plus
78%
ses
78%
tout
78%
Tout
78%
Tu
78%
aux
72%
Aux
72%
ta
72%
bord.
67%
bords
67%
cet
67%
fait
67%
moi
67%
dis-
61%
faire
61%
lui
61%
toute
61%
jeune
56%
leur
56%
puis
56%
Toujours
56%
Dont
50%
mit
50%
sont
50%
ton
50%
ont
44%
peut
44%
temps
44%
après
39%
récit
39%
ami,
33%
parents
33%
sauva.
33%
secours,
33%
voir
33%
contre-
28%
Dieu,
28%
font
28%
fort
28%
mis
28%
malheureux,
22%
passe
22%
pense.
22%
trois
22%
trouva
22%
Ayant
17%
branches
17%
crie :
17%
endroit
17%
gens
17%
sot
17%
tire-
17%
Voyez,
17%
branchage,
11%
Chacun
11%
cris,
11%
faille
11%
feras
11%
harangue.
11%
ici
11%
laissa
11%
moyens
11%
pris,
11%
avise
6%
babouin !
6%
badinant
6%
béni
6%
canaille !
6%
choir,
6%
Créateur
6%
danger :
6%
discours
6%
engeance.
6%
étant
6%
langue.
6%
péris.
6%
prétends
6%
saule
6%
saule ;
6%
semblable
6%
sort !
6%
sotise !
6%
tels
6%
vaine.
6%
veiller
6%
affaire
0%
avance :
0%
babillard,
0%
blâme
0%
censeur,
0%
certain
0%
Ciel
0%
connaître
0%
exercer
0%
fripons
0%
grave
0%
maux,
0%
pédant,
0%
permit
0%
peuple
0%
plains
0%
prenez
0%
remontrance
0%
soin.
0%
songer
0%
tancer.
0%
tournant
0%
Aucun quiz correspondant
Distribution des résultats
% des personnes avec chaque résultat
Percentile par nombre de réponses
Votre historique - résultats
Vous n’avez pas pris ce quiz